|
|
|
|
| LEADER |
00000cam a2200000 a 4500 |
| 001 |
vtls001095371 |
| 003 |
SK-MaSNL |
| 005 |
20260301094537.0 |
| 008 |
240226s1984 xo hoclfrn 000 0dslo |
| 015 |
|
|
|a SNBA1984
|
| 020 |
|
|
|q (viazané)
|
| 035 |
|
|
|a SNK000038213
|
| 035 |
|
|
|a 8F01A3CB-5832-4164-9AAC-20ABBA690737
|
| 035 |
|
|
|a urn:nbn:sk:snk-am00ifrt
|
| 040 |
|
|
|a SNK
|b slo
|c SNK
|e AACR2
|
| 041 |
0 |
|
|a slo
|b rus
|b ger
|
| 043 |
|
|
|a e-xo---
|
| 044 |
|
|
|a xo
|c SK
|
| 072 |
|
7 |
|a 371
|x Školstvo (organizácia)
|2 konspekt
|
| 080 |
|
|
|a 373/378:78
|2 2001
|
| 080 |
|
|
|a (437.672)
|2 2011
|
| 080 |
|
|
|a (082.2)
|2 2011
|
| 080 |
|
|
|a (082)
|2 2011
|
| 245 |
0 |
0 |
|a 200 rokov hudobného školstva v Košiciach 1784-1984
|c [zostavovateľ: Štefan Merešš]
|
| 246 |
3 |
|
|a Dvesto rokov hudobného školstva v Košiciach 1784-1984
|
| 250 |
|
|
|a 1. vyd.
|
| 260 |
|
|
|a V Košiciach
|b Východoslovenské vydavateľstvo
|c 1984
|
| 300 |
|
|
|a 130 strán
|b faksimile, fotografie, portréty, tabuľky
|c 25 cm
|
| 366 |
|
|
|e 1500 kusov
|
| 500 |
|
|
|a Vydal Národný výbor mesta Košíc - odbor školstva
|
| 500 |
|
|
|a Obsahuje biografické údaje o Antonovi Huskovi
|
| 504 |
|
|
|a Obsahuje bibliogafické odkazy
|
| 546 |
|
|
|a Ruské a nemecké resumé
|
| 648 |
|
7 |
|a 1784-1984
|2 SNKPH
|9 428489
|
| 650 |
0 |
7 |
|a hudobné školy
|2 SNKPH
|9 71505
|
| 651 |
|
7 |
|a Košice (Slovensko)
|2 SNKPHgeo
|9 18694
|
| 655 |
|
7 |
|a jubilejné publikácie
|2 SNKPH
|9 70339
|
| 655 |
|
7 |
|a zborníky
|2 SNKPH
|9 70165
|
| 700 |
1 |
|
|a Merešš, Štefan,
|d 1925-
|4 com
|9 178547
|
| 710 |
2 |
|
|a Košice (Slovensko).
|b Národný výbor.
|b Odbor školstva
|4 pbl
|9 216635
|
| 752 |
|
|
|a Slovensko
|d Košice
|
| 852 |
|
|
|a Slovenská národná knižnica
|
| 954 |
|
|
|a odborná, vedecká literatúra pôvodná (slovenská)
|2 lita
|
| 958 |
|
|
|a RK
|
| 958 |
|
|
|a TL
|
| 958 |
|
|
|a NB
|
| 958 |
|
|
|a OND
|
| 958 |
|
|
|a ZB
|
| 958 |
|
|
|a EUIPO
|
| 999 |
|
|
|c 680604
|d 682534
|
| 952 |
|
|
|a SNK
|b SNK
|y VYP
|7 0
|p 17A0407279
|o snkSC 62514 D1
|i snkKSP 524/85
|0 0
|1 0
|4 0
|d 2004-02-02
|l 0
|r 2004-12-31 00:00:00
|w 2026-02-23
|
| 952 |
|
|
|a SNK
|b SNK
|y PREZ
|7 0
|p 17A0916429
|o snkSC 62514
|i snkKSP 523/85
|0 0
|1 0
|4 0
|d 2012-08-07
|f 1
|l 0
|r 2025-06-18 00:00:00
|w 2026-02-23
|